[Event "zonal 1.2 (w)"]
[Site "Dresden GER"]
[Date "1998.??.??"]
[Round "1"]
[White "Heinatz, Gundula"]
[Black "Janevska, Aleksandra"]
[Result "1-0"]
[WhiteElo "2205"]
[BlackElo "2015"]
[EventDate "1998.04.28"]
[PlyCount "47"]

1.d4 Nf6 2.c4 c5 3.d5 b5 4.Nf3 Bb7 5.Qc2 Na6 6.Bd2 bxc4 7.e4 e6 8.dxe6 
fxe6 9.e5 Nd5 10.a3 Be7 11.Bxc4 Nac7 12.Bd3 h6 13.Bg6+ Kf8 14.O-O d6 15.
Re1 Bg5 16.Nc3 Bxd2 17.Qxd2 Qe7 18.exd6 Qxd6 19.Ne4 Qe7 20.Rac1 Na6 21.Ne5
Nf6 22.Qf4 Kg8 23.Bf7+ Kh7 24.Ng5+ 1-0

[Event "zonal 1.2 (w)"]
[Site "Dresden GER"]
[Date "1998.??.??"]
[Round "1"]
[White "Deno, Mara"]
[Black "Lematschko, Tatjana"]
[Result "0-1"]
[WhiteElo "2180"]
[BlackElo "2275"]
[EventDate "1998.04.28"]
[PlyCount "126"]

1.e4 c6 2.d4 d5 3.Nd2 g6 4.exd5 cxd5 5.Ngf3 Nc6 6.Bb5 Bd7 7.O-O Bg7 8.Nb3 
a6 9.Bxc6 Bxc6 10.Re1 Nf6 11.Ne5 Qc8 12.Bg5 Ne4 13.Nxc6 Qxc6 14.Bf4 e6 15.
c3 O-O 16.f3 Nf6 17.Be5 Nd7 18.Bxg7 Kxg7 19.Qd2 Qd6 20.Rad1 Rac8 21.Nc1 
Rc6 22.Nd3 Rfc8 23.Ne5 Nxe5 24.dxe5 Qe7 25.Qe3 Rc4 26.Rd4 b5 27.Red1 h6 
28.Rxc4 bxc4 29.b4 cxb3 30.axb3 Qc5 31.Qxc5 Rxc5 32.Rd3 a5 33.b4 Rb5 34.
bxa5 Rxa5 35.Re3 Ra2 36.Kf1 Rc2 37.h4 Kf8 38.Kg1 Ke7 39.Kh2 Kd7 40.Kh3 Kc6
41.Rd3 Kc5 42.g4 Re2 43.Kg3 Rxe5 44.f4 Re4 45.f5 gxf5 46.gxf5 e5 47.f6 Rf4
48.Re3 Kd6 49.Re1 h5 50.Ra1 Rxf6 51.Ra8 Rf5 52.Ra5 Rf4 53.Ra8 Kc5 54.Rc8+ 
Kb5 55.Rd8 Kc4 56.Rc8+ Kd3 57.Rd8 Ke4 58.Rd7 Rf3+ 59.Kg2 Rxc3 60.Rxf7 Rc2+
61.Kg3 d4 62.Rf1 d3 63.Ra1 d2 0-1

[Event "zonal 1.2 (w)"]
[Site "Dresden GER"]
[Date "1998.??.??"]
[Round "1"]
[White "Werner, Veronika"]
[Black "Borek, Jutta"]
[Result "1-0"]
[WhiteElo "2225"]
[BlackElo "2070"]
[EventDate "1998.04.28"]
[PlyCount "125"]

1.e4 c5 2.c3 e6 3.d4 d5 4.exd5 exd5 5.Be3 c4 6.b3 cxb3 7.axb3 Bd6 8.Bd3 
Ne7 9.Qf3 Be6 10.Ne2 Qd7 11.Bf4 Bg4 12.Qe3 Bxf4 13.Nxf4 O-O 14.O-O Nbc6 
15.Na3 a6 16.Nc2 Bf5 17.Rfe1 Ng6 18.Nxg6 hxg6 19.Qf3 Rfe8 20.Bxf5 Qxf5 21.
Qxf5 gxf5 22.Ne3 Ne7 23.Kf1 f4 24.Nc2 Nc6 25.g3 fxg3 26.hxg3 Rxe1+ 27.Nxe1
f6 28.Nd3 Kf7 29.Nc5 Rb8 30.Ke2 a5 31.Kd3 b6 32.Na4 Nd8 33.Nb2 Ne6 34.Nd1 
Rh8 35.Ne3 Nc7 36.c4 dxc4+ 37.bxc4 Ra8 38.d5 Na6 39.Rb1 Nc5+ 40.Kd4 Nd7 
41.Nf5 g6 42.Nd6+ Ke7 43.Ne4 Rh8 44.Nc3 Rh2 45.Rb2 Rh1 46.Re2+ Kd8 47.d6 
Rh5 48.f4 Nc5 49.Nd5 Nd7 50.Re6 Rh1 51.Nxf6 Rd1+ 52.Kc3 Nxf6 53.Rxf6 g5 
54.fxg5 Rg1 55.Rf3 Kd7 56.Rd3 Rc1+ 57.Kb3 a4+ 58.Kb4 a3 59.Rxa3 Kxd6 60.g6
Rb1+ 61.Rb3 Re1 62.g7 Re8 63.Rf3 1-0

[Event "zonal 1.2 (w)"]
[Site "Dresden GER"]
[Date "1998.??.??"]
[Round "1"]
[White "Klinova, Masha"]
[Black "Mihevc, Narcisa"]
[Result "1-0"]
[WhiteElo "2355"]
[BlackElo "2205"]
[EventDate "1998.04.28"]
[PlyCount "65"]

1.e4 c5 2.Nf3 e6 3.c4 a6 4.Nc3 Qc7 5.Be2 Nf6 6.O-O Nc6 7.d4 cxd4 8.Nxd4 
Bc5 9.Be3 d6 10.a3 O-O 11.b4 Ba7 12.Rc1 Qe7 13.Nxc6 bxc6 14.Qd2 Rd8 15.
Rfd1 Bxe3 16.Qxe3 e5 17.Rd2 Ne8 18.c5 a5 19.b5 dxc5 20.Rxd8 Qxd8 21.Qxc5 
cxb5 22.Rd1 Qg5 23.Qc6 Bh3 24.Bf1 Rc8 25.Qxb5 Nc7 26.Qxa5 Bg4 27.Rd3 h5 
28.f3 Be6 29.Ne2 Bc4 30.Qd2 Qg6 31.Rd8+ Rxd8 32.Qxd8+ Kh7 33.Qxc7 1-0

[Event "zonal 1.2 (w)"]
[Site "Dresden GER"]
[Date "1998.??.??"]
[Round "1"]
[White "Koskoska, Gabriela"]
[Black "Olbrich, Marina"]
[Result "1-0"]
[WhiteElo "2200"]
[BlackElo "2330"]
[EventDate "1998.04.28"]
[PlyCount "99"]

1.e4 d5 2.exd5 Qxd5 3.Nc3 Qa5 4.d4 Nf6 5.Nf3 c6 6.Bc4 Bf5 7.Ne5 e6 8.g4 
Bg6 9.h4 Nbd7 10.Nxd7 Kxd7 11.h5 Be4 12.Rh3 Bg2 13.Re3 Bd5 14.Be2 Ne4 15.
Bd2 Nxd2 16.Qxd2 Bb4 17.a3 Rad8 18.Rd1 Be7 19.Nxd5 Qxd5 20.Bf3 Qd6 21.Rb3 
Qc7 22.Qe3 Kc8 23.Kf1 Kb8 24.c4 Rhe8 25.Qe4 Bf6 26.Qxc6 Qxc6 27.Bxc6 Re7 
28.Be4 Rc7 29.c5 Kc8 30.Rbd3 Rcd7 31.d5 Bxb2 32.d6 g6 33.c6 bxc6 34.Bxc6 
Be5 35.Bxd7+ Rxd7 36.Ke2 Kb7 37.Ke3 Kc6 38.Rc1+ Kb5 39.Ke4 Bxd6 40.Rcd1 
Kc6 41.Rc3+ Kb5 42.Rb1+ Ka5 43.Rd3 f5+ 44.gxf5 gxf5+ 45.Kf3 e5 46.Rd5+ Ka4
47.Rbd1 e4+ 48.Ke2 Kxa3 49.Rxd6 Rc7 50.Rd7 1-0

[Event "zonal 1.2 (w)"]
[Site "Dresden GER"]
[Date "1998.??.??"]
[Round "1"]
[White "Medic, Mirjana"]
[Black "Pahtz, Elisabeth"]
[Result "1/2-1/2"]
[WhiteElo "2275"]
[BlackElo "2160"]
[EventDate "1998.04.28"]
[PlyCount "171"]

1.Nf3 Nf6 2.d4 g6 3.g3 Bg7 4.Bg2 O-O 5.O-O d6 6.c4 Nbd7 7.Nc3 e5 8.h3 a6 
9.e4 b5 10.dxe5 dxe5 11.cxb5 axb5 12.Re1 c6 13.Qd6 Ra6 14.Qb4 Re8 15.Qb3 
Nc5 16.Qc2 Qd3 17.Qxd3 Nxd3 18.Rd1 Nxc1 19.Rdxc1 b4 20.Nd1 Bb7 21.Rc4 Bf8 
22.b3 Nd7 23.Nb2 Nb6 24.Rc2 f6 25.Nd3 Ra5 26.Nd2 Rd8 27.Bf1 Rd4 28.Nb2 Ra8
29.Ndc4 Nd7 30.Na4 Be7 31.Re1 Ra7 32.Nab6 Nc5 33.f3 Kg7 34.Kg2 h6 35.h4 h5
36.Be2 Bf8 37.Rec1 Ba6 38.Rd1 Rxd1 39.Bxd1 Ne6 40.Rd2 Bc5 41.Rd7+ Rxd7 42.
Nxd7 Be7 43.Ndb6 Nd4 44.g4 hxg4 45.fxg4 Bd8 46.Nd7 Bc8 47.Nc5 Nb5 48.Bf3 
Nc3 49.g5 Nxa2 50.gxf6+ Kxf6 51.Nd3 Bc7 52.h5 gxh5 53.Bxh5 Ba6 54.Be8 Bb5 
55.Kf3 Ke7 56.Bg6 Bxc4 57.bxc4 b3 58.Ke2 Bb6 59.Kd2 Bd4 60.Bh5 Nc3 61.Kc1 
Nxe4 62.Bf3 Nd6 63.Bd1 Nxc4 64.Bxb3 Nb6 65.Nb4 Kd6 66.Bf7 c5 67.Nc2 e4 68.
Kd2 Ke5 69.Ke2 Nd5 70.Bg8 Nf6 71.Bc4 Kf4 72.Bf7 Ng4 73.Be6 Nh2 74.Ne1 Nf3 
75.Bd5 Ng5 76.Bc4 Bc3 77.Nc2 Nh3 78.Ne3 Ng1+ 79.Kf2 Nh3+ 80.Ke2 Bd4 81.Nc2
Ng1+ 82.Kf1 Nf3 83.Ke2 e3 84.Bb5 Bc3 85.Nxe3 Nd4+ 86.Kd3 1/2-1/2

[Event "zonal 1.2 (w)"]
[Site "Dresden GER"]
[Date "1998.??.??"]
[Round "1"]
[White "Pitam, Ella"]
[Black "Puljek-Salai, Zorica"]
[Result "1/2-1/2"]
[WhiteElo "2320"]
[BlackElo "2195"]
[EventDate "1998.04.28"]
[PlyCount "120"]

1.c4 c5 2.Nf3 Nf6 3.Nc3 Nc6 4.d4 cxd4 5.Nxd4 e6 6.g3 Qb6 7.Nb3 Ne5 8.e4 
Bb4 9.Qe2 O-O 10.Bg2 Qc7 11.Bf4 Bxc3+ 12.bxc3 b6 13.c5 bxc5 14.O-O d6 15.
Rfd1 Bb7 16.Rab1 Rab8 17.Rb2 Rfd8 18.Rbd2 c4 19.Bxe5 dxe5 20.Qxc4 Rxd2 21.
Nxd2 Qd6 22.Bf3 h6 23.Qa4 Qc6 24.Qa5 Rc8 25.c4 Qc5 26.Qxc5 Rxc5 27.Rb1 Rc7
28.Kf1 Kf8 29.Ke2 Ke7 30.Ke3 Ba6 31.Be2 Nd7 32.Rb3 Nc5 33.Ra3 Bc8 34.Ra5 
f5 35.f3 g5 36.Nb3 f4+ 37.Kf2 Nxb3 38.axb3 Rb7 39.Bd1 Kd6 40.g4 Ke7 41.
Rxe5 Rd7 42.Ke2 Kf6 43.Ra5 h5 44.h3 hxg4 45.hxg4 a6 46.b4 Rb7 47.e5+ Ke7 
48.b5 axb5 49.Rxb5 Rxb5 50.cxb5 Kd7 51.Kd3 Kc7 52.Kc4 Kb6 53.Be2 Bb7 54.
Kd4 Bd5 55.Bc4 Bxf3 56.Bxe6 Kxb5 57.Bf5 Kc6 58.Be6 Bd1 59.Bf5 Bf3 60.Be6 
Bd1 1/2-1/2

[Event "zonal 1.2 (w)"]
[Site "Dresden GER"]
[Date "1998.??.??"]
[Round "1"]
[White "Rodic-Kures, Gordana"]
[Black "Werner, Isabel"]
[Result "0-1"]
[WhiteElo "2060"]
[BlackElo "2215"]
[EventDate "1998.04.28"]
[PlyCount "70"]

1.Nf3 d6 2.d4 Bg4 3.g3 Bxf3 4.exf3 g6 5.Bg2 Bg7 6.f4 d5 7.O-O e6 8.c4 c6 
9.Nc3 dxc4 10.Be3 Nd7 11.Qe2 Nb6 12.Rfd1 Ne7 13.a4 a5 14.Ne4 O-O 15.Nc5 
Qc8 16.h4 Nf5 17.Rd2 Rd8 18.Rad1 Nd5 19.Ne4 Rb8 20.Rc1 b5 21.Nc5 Ndxe3 22.
fxe3 Nxg3 23.Qf2 Nf5 24.h5 gxh5 25.Be4 Kh8 26.Kh2 Bf6 27.Rg1 h4 28.Bb1 Be7
29.Ne4 Rg8 30.Qf3 Rg6 31.Rdg2 Qd7 32.Qh5 Rbg8 33.Rg5 R8g7 34.R1g4 Nxe3 35.
Rxh4 Qxd4 0-1

[Event "zonal 1.2 (w)"]
[Site "Dresden GER"]
[Date "1998.??.??"]
[Round "2"]
[White "Borek, Jutta"]
[Black "Deno, Mara"]
[Result "0-1"]
[WhiteElo "2070"]
[BlackElo "2180"]
[EventDate "1998.04.28"]
[PlyCount "146"]

1.c4 Nf6 2.Nc3 g6 3.g3 Bg7 4.Bg2 O-O 5.e4 d6 6.Nge2 e5 7.O-O c6 8.d3 Nbd7 
9.h3 Ne8 10.Be3 f5 11.exf5 gxf5 12.f4 Ndf6 13.Qd2 Be6 14.b3 Nc7 15.Rad1 
Qe8 16.fxe5 dxe5 17.Bh6 Qg6 18.Bxg7 Qxg7 19.Qe3 Nh5 20.d4 e4 21.Kh2 Kh8 
22.d5 cxd5 23.cxd5 Bd7 24.Qd4 Nf6 25.Nf4 Rg8 26.g4 fxg4 27.Nxe4 Nxe4 28.
Qxg7+ Rxg7 29.Bxe4 Nb5 30.Bg2 gxh3 31.Nxh3 Nd6 32.Rf6 Nf5 33.Rf1 Rxg2+ 34.
Kxg2 Ne3+ 35.Kh2 Ng4+ 36.Kg3 Nxf6 37.Rxf6 Rc8 38.Rf3 Rg8+ 39.Kh2 Bg4 40.
Rc3 Rc8 41.Rd3 Bxh3 42.Kxh3 Kg7 43.Kg4 Kf6 44.Kf4 h5 45.Rh3 Rh8 46.Rh4 Rh7
47.a4 Rh8 48.Ke4 Ke7 49.Ke5 Rh7 50.Rc4 Kd8 51.Rh4 Kd7 52.Rb4 Kd8 53.Rh4 a5
54.Kd6 Rh6+ 55.Kc5 Kd7 56.d6 Rh7 57.Kb6 Kxd6 58.Kxa5 Kc6 59.Rc4+ Kd5 60.
Rh4 Rh6 61.Kb5 Ke5 62.b4 Kf5 63.Rc4 h4 64.Rc7 h3 65.Rxb7 h2 66.Rf7+ Ke6 
67.Rf1 h1=Q 68.Rxh1 Rxh1 69.a5 Kd7 70.Kb6 Kc8 71.b5 Kb8 72.Ka6 Rh6+ 73.b6 
Rh5 0-1

[Event "zonal 1.2 (w)"]
[Site "Dresden GER"]
[Date "1998.??.??"]
[Round "2"]
[White "Grosar, Kiti"]
[Black "Koskoska, Gabriela"]
[Result "0-1"]
[WhiteElo "2225"]
[BlackElo "2200"]
[EventDate "1998.04.28"]
[PlyCount "171"]

1.e4 c5 2.Nf3 e6 3.c3 Nf6 4.e5 Nd5 5.d4 cxd4 6.cxd4 d6 7.a3 Bd7 8.Bd3 Bc6 
9.b4 a6 10.O-O Nd7 11.Bg5 Be7 12.Bxe7 Qxe7 13.Re1 dxe5 14.dxe5 N7b6 15.Nd4
Bd7 16.Qg4 O-O 17.Nd2 f5 18.exf6 Qxf6 19.N4f3 Nf4 20.Be4 Nbd5 21.Ng5 g6 
22.Bxd5 exd5 23.Qh4 h5 24.Ngf3 Qxh4 25.Nxh4 Rae8 26.Nhf3 Nd3 27.Rxe8 Rxe8 
28.Nd4 Kf7 29.h3 Ba4 30.Kf1 Rc8 31.Ke2 Rc3 32.g3 Ne5 33.f4 Nc6 34.Nxc6 
bxc6 35.Nf3 Bb5+ 36.Kf2 Kf6 37.Nd4 c5 38.bxc5 Rxc5 39.Re1 Bd7 40.Kf3 Rc3+ 
41.Re3 Rc4 42.Rd3 Bxh3 43.Ke3 Rc7 44.Nf3 Bf5 45.Rb3 Be4 46.Nd4 a5 47.Rb6+ 
Kf7 48.Nc6 Kg7 49.Kd4 a4 50.Ra6 Kh6 51.Ke5 Rf7 52.Rxa4 Rf5+ 53.Kd4 h4 54.
gxh4 Rxf4 55.Ke3 Rxh4 56.Ne5 Kg5 57.Nf7+ Kf6 58.Nd6 Rh3+ 59.Kf4 g5+ 60.Kg4
Rh4+ 61.Kg3 Rf4 62.Rb4 Ke5 63.Nb7 Rf3+ 64.Kg4 Rxa3 65.Kxg5 Rg3+ 66.Kh4 Kf4
67.Nc5 Rg8 68.Ne6+ Kf5 69.Nd4+ Ke5 70.Ne2 Bf3 71.Nc3 Rc8 72.Nxd5 Bxd5 73.
Kg4 Rg8+ 74.Kh4 Be4 75.Ra4 Kf4 76.Ra5 Rg1 77.Ra3 Rg4+ 78.Kh3 Rg1 79.Kh4 
Rh1+ 80.Rh3 Ra1 81.Rb3 Ra2 82.Rc3 Ra4 83.Rb3 Bf3 84.Rb8 Bg4 85.Rb2 Rd4 86.
Ra2 0-1

[Event "zonal 1.2 (w)"]
[Site "Dresden GER"]
[Date "1998.??.??"]
[Round "2"]
[White "Lematschko, Tatjana"]
[Black "Heinatz, Gundula"]
[Result "1/2-1/2"]
[WhiteElo "2275"]
[BlackElo "2205"]
[EventDate "1998.04.28"]
[PlyCount "113"]

1.c4 e5 2.Nc3 Nf6 3.Nf3 Nc6 4.g3 d5 5.cxd5 Nxd5 6.Bg2 Nb6 7.O-O Be7 8.d3 
O-O 9.Be3 Bg4 10.Rc1 Re8 11.h3 Bh5 12.Re1 Qd7 13.Ne4 Bxf3 14.Bxf3 Qxh3 15.
Nc5 Bxc5 16.Rxc5 Re6 17.Bg2 Qg4 18.Qd2 Rd8 19.Rec1 Rdd6 20.Qe1 f5 21.f3 
Qh5 22.Bf2 Qg5 23.d4 exd4 24.f4 Qf6 25.Qd2 g6 26.b3 a6 27.Bf3 Qd8 28.Rd1 
Nd7 29.Rd5 Nf6 30.Rxd6 Rxd6 31.Qd3 Ng4 32.Qc4+ Kg7 33.Bxg4 fxg4 34.Rd3 h5 
35.a3 Kh6 36.Qc1 Kh7 37.Qd2 Qf6 38.b4 Qd8 39.Qb2 g5 40.b5 axb5 41.Qxb5 b6 
42.Qf5+ Kh6 43.Be1 gxf4 44.Bd2 Kg7 45.Qxh5 fxg3 46.Rxg3 Rg6 47.Rxg4 Rxg4+ 
48.Qxg4+ Kf7 49.Qh5+ Ke6 50.Qg4+ Kd5 51.Qf3+ Kc5 52.Bf4 Na5 53.Qh5+ Kc6 
54.Qf3+ Qd5 55.Qxd5+ Kxd5 56.Bxc7 Nc4 57.Bd8 1/2-1/2

[Event "zonal 1.2 (w)"]
[Site "Dresden GER"]
[Date "1998.??.??"]
[Round "2"]
[White "Koglin, Anke"]
[Black "Werner, Veronika"]
[Result "1-0"]
[WhiteElo "2205"]
[BlackElo "2225"]
[EventDate "1998.04.28"]
[PlyCount "73"]

1.e4 d6 2.d4 Nf6 3.Nc3 g6 4.Nf3 Bg7 5.Be2 O-O 6.O-O c6 7.a4 Nbd7 8.a5 Rb8 
9.Be3 b5 10.axb6 axb6 11.Nd2 Qc7 12.f4 b5 13.e5 Nd5 14.Nxd5 cxd5 15.Bd3 b4
16.Nf3 Nb6 17.b3 Bg4 18.Qe1 Bxf3 19.Rxf3 Nd7 20.Ra4 dxe5 21.fxe5 Qb6 22.
Qh4 Rfe8 23.Ra6 Qb7 24.Ra1 f6 25.Rh3 Nf8 26.Bh6 Ra8 27.Re1 f5 28.Bxg7 Kxg7
29.e6 Qb6 30.Qf4 Qb8 31.Qh6+ Kh8 32.g4 fxg4 33.Rh4 Qb6 34.Rxg4 Nxe6 35.
Bxg6 Ng5 36.Rxg5 Qxd4+ 37.Kh1 1-0

[Event "zonal 1.2 (w)"]
[Site "Dresden GER"]
[Date "1998.??.??"]
[Round "2"]
[White "Olbrich, Marina"]
[Black "Rodic-Kures, Gordana"]
[Result "1-0"]
[WhiteElo "2330"]
[BlackElo "2060"]
[EventDate "1998.04.28"]
[PlyCount "72"]

1.Nf3 f5 2.c4 Nf6 3.g3 g6 4.Bg2 Bg7 5.O-O O-O 6.d4 d6 7.Nc3 Qe8 8.b3 h6 9.
Bb2 Qf7 10.Qc2 c6 11.Rad1 Na6 12.d5 Bd7 13.Nd4 Rac8 14.Qb1 Nc5 15.Nc2 Nce4
16.Ne3 Nxc3 17.Bxc3 c5 18.Bf3 Nh7 19.Bxg7 Qxg7 20.Ng2 Ng5 21.h4 Nxf3+ 22.
exf3 g5 23.hxg5 hxg5 24.f4 Rf6 25.fxg5 Qxg5 26.Nf4 Rh6 27.Kg2 Kf7 28.Rh1 
Rch8 29.Rxh6 Qxh6 30.Re1 Qh2+ 31.Kf3 Ke8 32.Qd3 Kd8 33.Qc3 e5 34.dxe6 Bc6+
35.Ke3 b6 36.Rd1 Kc7 1-0

[Event "zonal 1.2 (w)"]
[Site "Dresden GER"]
[Date "1998.??.??"]
[Round "2"]
[White "Pahtz, Elisabeth"]
[Black "Pitam, Ella"]
[Result "0-1"]
[WhiteElo "2160"]
[BlackElo "2320"]
[EventDate "1998.04.28"]
[PlyCount "94"]

1.e4 e6 2.d3 d5 3.Nd2 Nf6 4.Ngf3 b6 5.g3 Bb7 6.Bg2 c5 7.O-O Nc6 8.Re1 Be7 
9.c3 Qc7 10.Qe2 O-O-O 11.Nf1 h6 12.h4 Ba6 13.e5 Nd7 14.N1h2 Nf8 15.Bh3 Kb8
16.Bd2 Nh7 17.Rab1 Bb7 18.a3 g5 19.h5 Rde8 20.b4 f5 21.exf6 Nxf6 22.b5 Nd8
23.Ne5 Bd6 24.Nhg4 Nxh5 25.d4 Qg7 26.a4 Rhf8 27.a5 Nf6 28.dxc5 Bxc5 29.
Nxf6 Rxf6 30.Be3 Bxe3 31.Qxe3 Qc7 32.axb6 axb6 33.Nd7+ Qxd7 34.Qe5+ Qc7 
35.Qxf6 e5 36.Rbc1 e4 37.Qd4 Nf7 38.Bg2 Ne5 39.Ra1 h5 40.Ra2 g4 41.Rea1 
Nf3+ 42.Bxf3 gxf3 43.Ra7 h4 44.Qa4 Qd7 45.Ra8+ Kc7 46.Rxe8 Qh3 47.Re7+ Kd8
0-1

[Event "zonal 1.2 (w)"]
[Site "Dresden GER"]
[Date "1998.??.??"]
[Round "2"]
[White "Puljek-Salai, Zorica"]
[Black "Medic, Mirjana"]
[Result "1/2-1/2"]
[WhiteElo "2195"]
[BlackElo "2275"]
[EventDate "1998.04.28"]
[PlyCount "24"]

1.Nf3 Nf6 2.g3 d5 3.Bg2 c6 4.O-O Bg4 5.d3 Nbd7 6.Nbd2 e6 7.b3 Bd6 8.Bb2 
Qc7 9.Re1 O-O 10.e4 e5 11.h3 Bxf3 12.Bxf3 a5 1/2-1/2

[Event "zonal 1.2 (w)"]
[Site "Dresden GER"]
[Date "1998.??.??"]
[Round "3"]
[White "Werner, Isabel"]
[Black "Olbrich, Marina"]
[Result "1/2-1/2"]
[WhiteElo "2215"]
[BlackElo "2330"]
[EventDate "1998.04.28"]
[PlyCount "44"]

1.e4 e5 2.Nf3 Nc6 3.Bc4 Bc5 4.d3 Nf6 5.O-O d6 6.c3 O-O 7.Bb3 h6 8.Re1 a6 
9.Nbd2 Ba7 10.Nf1 Ne7 11.Ng3 Ng6 12.Be3 Bxe3 13.Rxe3 c6 14.d4 Qc7 15.h3 
Bd7 16.Qd2 Rad8 17.Rd1 Bc8 18.dxe5 dxe5 19.Rd3 Rxd3 20.Qxd3 Nf4 21.Qd6 
Qxd6 22.Rxd6 Re8 1/2-1/2

[Event "zonal 1.2 (w)"]
[Site "Dresden GER"]
[Date "1998.??.??"]
[Round "3"]
[White "Deno, Mara"]
[Black "Grosar, Kiti"]
[Result "0-1"]
[WhiteElo "2180"]
[BlackElo "2225"]
[EventDate "1998.04.28"]
[PlyCount "100"]

1.e4 c5 2.Nc3 Nc6 3.f4 d6 4.Bb5 Bd7 5.Bxc6 Bxc6 6.Nf3 g6 7.d3 Bg7 8.O-O e6
9.Qe1 Ne7 10.Qh4 b5 11.Be3 b4 12.Nd1 Bb5 13.Rf2 Nc6 14.Qg3 Nd4 15.f5 O-O 
16.Nxd4 cxd4 17.Bd2 a5 18.c4 dxc3 19.bxc3 exf5 20.exf5 Ba4 21.Bg5 Bf6 22.
Bxf6 Qxf6 23.Ne3 Qxc3 24.Raf1 Qxd3 25.Qf4 f6 26.h4 Rae8 27.Rf3 Bb5 28.Rd1 
Qe4 29.Qxe4 Rxe4 30.Rxd6 Rxh4 31.Rb6 Bd3 32.fxg6 hxg6 33.Nd5 Bf5 34.Ne7+ 
Kg7 35.Nxf5+ gxf5 36.Rxf5 a4 37.Rfb5 Rc8 38.Rxb4 Rc1+ 39.Kf2 Rxb4 40.Rxb4 
Rc2+ 41.Kf3 Rxa2 42.g3 Kg6 43.Kf4 a3 44.Ra4 Ra1 45.Kf3 Kf5 46.Ra5+ Ke6 47.
Kg4 a2 48.Ra6+ Kf7 49.Ra8 Kg7 50.Ra6 Kg6 0-1

[Event "zonal 1.2 (w)"]
[Site "Dresden GER"]
[Date "1998.??.??"]
[Round "3"]
[White "Koskoska, Gabriela"]
[Black "Lematschko, Tatjana"]
[Result "1/2-1/2"]
[WhiteElo "2200"]
[BlackElo "2275"]
[EventDate "1998.04.28"]
[PlyCount "182"]

1.e4 c6 2.d4 d5 3.exd5 cxd5 4.c4 Nf6 5.Nc3 e6 6.Nf3 Bb4 7.cxd5 Nxd5 8.Bd2 
O-O 9.Bd3 Nf6 10.O-O Nc6 11.Bg5 Be7 12.Rc1 Bd7 13.Bb1 g6 14.a3 Rc8 15.Ba2 
Re8 16.Ne5 Nxe5 17.dxe5 Nd5 18.Bxe7 Qxe7 19.Ne4 Rxc1 20.Qxc1 Rc8 21.Qh6 
Qf8 22.Qh4 Qd8 23.Qh6 Qf8 24.Qh3 Qd8 25.Rd1 Kg7 26.Nd6 Rc7 27.Qf3 Bc6 28.
Qg4 h5 29.Qg3 Ba4 30.Re1 Nb6 31.h3 Bc6 32.Bb1 Qe7 33.f4 Kh6 34.f5 Qg5 35.
Qxg5+ Kxg5 36.fxe6 fxe6 37.Rf1 Kh6 38.Rf6 Kg7 39.Rxe6 Kh8 40.Rxg6 Bd5 41.
Rh6+ Kg8 42.Bh7+ Kf8 43.Rf6+ Ke7 44.Nf5+ Kd8 45.Rf8+ Kd7 46.Nd4 Rc1+ 47.
Kf2 Rd1 48.Nf3 Ke7 49.Rf5 Bf7 50.Ke2 Rd8 51.Rf4 Bc4+ 52.Ke1 Be6 53.Rd4 Nc4
54.Rh4 Ne3 55.Rb4 b6 56.Kf2 Nc4 57.b3 Nxa3 58.Nd4 Bd7 59.e6 Rf8+ 60.Ke3 
Be8 61.Bd3 b5 62.Nf5+ Kxe6 63.Re4+ Kf6 64.Rd4 Ke5 65.Rd8 Rg8 66.Ra8 b4 67.
Rxa7 Kf6 68.Kf4 Rxg2 69.Ra6+ Kf7 70.Ke5 Bd7 71.Ra7 Ke8 72.Ra8+ Kf7 73.Be4 
Re2 74.Ra7 Ke8 75.Nd4 Re1 76.Ra8+ Ke7 77.Rh8 Nb5 78.Rh7+ Kd8 79.Rxd7+ Kxd7
80.Nxb5 Re3 81.Nd4 Kc7 82.h4 Rg3 83.Bf3 Rh3 84.Bxh5 Rxh4 85.Bf7 Rh7 86.Bg6
Rh6 87.Bf5 Kb6 88.Kd5 Rf6 89.Kc4 Ka5 90.Kc5 Ka6 91.Kxb4 Kb6 1/2-1/2

[Event "zonal 1.2 (w)"]
[Site "Dresden GER"]
[Date "1998.??.??"]
[Round "3"]
[White "Medic, Mirjana"]
[Black "Mihevc, Narcisa"]
[Result "1-0"]
[WhiteElo "2275"]
[BlackElo "2205"]
[EventDate "1998.04.28"]
[PlyCount "55"]

1.Nf3 Nf6 2.d4 g6 3.g3 Bg7 4.Bg2 d6 5.c4 O-O 6.O-O Nbd7 7.Nc3 e5 8.e4 exd4
9.Nxd4 Nc5 10.h3 Re8 11.Re1 a5 12.Qc2 Nfd7 13.Be3 Ne5 14.b3 Ned3 15.Red1 
Nb4 16.Qd2 Qe7 17.Rab1 a4 18.Ndb5 axb3 19.axb3 Be6 20.Bd4 f6 21.Nxc7 Qxc7 
22.Nb5 Qa5 23.Bc3 Nxb3 24.Rxb3 Bxc4 25.Rxb4 d5 26.Rxc4 Qxb5 27.Qxd5+ Qxd5 
28.exd5 1-0

[Event "zonal 1.2 (w)"]
[Site "Dresden GER"]
[Date "1998.??.??"]
[Round "3"]
[White "Pitam, Ella"]
[Black "Heinatz, Gundula"]
[Result "1-0"]
[WhiteElo "2320"]
[BlackElo "2205"]
[EventDate "1998.04.28"]
[PlyCount "83"]

1.c4 Nf6 2.Nc3 e5 3.Nf3 Nc6 4.g3 d5 5.cxd5 Nxd5 6.Bg2 Nb6 7.O-O Be7 8.a3 
a5 9.d3 O-O 10.Be3 Be6 11.Bxb6 cxb6 12.Nd2 f5 13.Rb1 Rc8 14.Qa4 Nd4 15.Qd1
Nc6 16.Re1 Kh8 17.Nf1 f4 18.Nd2 Bg4 19.h3 fxg3 20.fxg3 Bc5+ 21.Kh2 Bh5 22.
Nce4 Nd4 23.b4 axb4 24.axb4 Be7 25.Nc4 b5 26.Nxe5 Bd6 27.Nf3 Nc2 28.Rg1 
Bxb4 29.Rc1 Ne3 30.Rxc8 Qxc8 31.Qb3 Be7 32.Qxb5 Nxg2 33.Qxh5 Ne3 34.Neg5 
Qf5 35.g4 Qf4+ 36.Kh1 Bxg5 37.Nxg5 h6 38.Ne6 Qf2 39.Nxf8 Qxf8 40.Qe5 Qf2 
41.Qg3 Qxg3 42.Rxg3 1-0

[Event "zonal 1.2 (w)"]
[Site "Dresden GER"]
[Date "1998.??.??"]
[Round "3"]
[White "Rodic-Kures, Gordana"]
[Black "Janevska, Aleksandra"]
[Result "1/2-1/2"]
[WhiteElo "2060"]
[BlackElo "2015"]
[EventDate "1998.04.28"]
[PlyCount "65"]

1.e4 e5 2.Nf3 Nc6 3.d4 exd4 4.Nxd4 Nf6 5.Nxc6 bxc6 6.e5 Qe7 7.Qe2 Nd5 8.c4
Nb6 9.b3 Qe6 10.Bd2 Be7 11.g3 O-O 12.Bg2 Bb7 13.Nc3 d6 14.exd6 Qxe2+ 15.
Nxe2 cxd6 16.O-O d5 17.cxd5 cxd5 18.Rac1 Rac8 19.Nd4 Bf6 20.Be3 Rxc1 21.
Rxc1 Rc8 22.Rxc8+ Nxc8 23.Kf1 Nd6 24.Ke1 Kf8 25.a4 Ke7 26.Bf1 Kd7 27.Nb5 
a6 28.Nd4 g6 29.Bd3 Ne4 30.Ne2 Ng5 31.Bxg5 Bxg5 32.h4 Be7 33.Nd4 1/2-1/2

[Event "zonal 1.2 (w)"]
[Site "Dresden GER"]
[Date "1998.??.??"]
[Round "4"]
[White "Borek, Jutta"]
[Black "Schmid, Shahanah"]
[Result "0-1"]
[WhiteElo "2070"]
[BlackElo "2130"]
[EventDate "1998.04.28"]
[PlyCount "45"]

1.c4 c5 2.g3 g6 3.Bg2 Bg7 4.Nc3 Nc6 5.e3 e6 6.Nge2 Nf6 7.Nf4 O-O 8.O-O d6 
9.d3 Rb8 10.Rb1 Ne7 11.a3 d5 12.b4 cxb4 13.axb4 b6 14.cxd5 e5 15.Nfe2 
Nfxd5 16.Nxd5 Nxd5 17.Qb3 Be6 18.Qa3 Qd7 19.Bb2 Qb5 20.Ba1 Rfc8 21.e4 Ne7 
22.Qxa7 Qxd3 23.Nc1 0-1

[Event "zonal 1.2 (w)"]
[Site "Dresden GER"]
[Date "1998.??.??"]
[Round "4"]
[White "Grosar, Kiti"]
[Black "Medic, Mirjana"]
[Result "1-0"]
[WhiteElo "2225"]
[BlackElo "2275"]
[EventDate "1998.04.28"]
[PlyCount "115"]

1.e4 e6 2.d4 d5 3.e5 c5 4.c3 Nc6 5.Nf3 Bd7 6.Be2 Nge7 7.O-O Nf5 8.g4 Nh4 
9.Nxh4 Qxh4 10.Bf4 Qd8 11.Be3 Be7 12.f4 cxd4 13.cxd4 f6 14.a3 fxe5 15.dxe5
g5 16.f5 Nxe5 17.Bd4 Bf6 18.fxe6 Bc6 19.Rf5 O-O 20.Rxe5 Bxe5 21.Bxe5 Qe7 
22.Bc3 Rf4 23.Bd4 Qxe6 24.Nc3 Raf8 25.Qd3 a6 26.Qe3 Re8 27.Qxe6+ Rxe6 28.
Rd1 h6 29.Bf2 Rf8 30.Bd3 Ref6 31.Bf5 Rxf5 32.gxf5 Rxf5 33.Ne2 Ba4 34.Rc1 
Bc6 35.Nd4 Rf6 36.Be3 Kh7 37.Kg2 Kg6 38.Rc5 h5 39.Ra5 h4 40.h3 Kh5 41.Nxc6
bxc6 42.Rxa6 Re6 43.Bf2 Re2 44.b4 g4 45.hxg4+ Kxg4 46.Rxc6 h3+ 47.Kf1 Ra2 
48.Rg6+ Kf5 49.Rg3 Ra1+ 50.Be1 h2 51.Rh3 Rxa3 52.Rxh2 d4 53.Rb2 Ke4 54.b5 
Ra8 55.b6 d3 56.b7 Rb8 57.Bg3 d2 58.Ke2 1-0

[Event "zonal 1.2 (w)"]
[Site "Dresden GER"]
[Date "1998.??.??"]
[Round "4"]
[White "Heinatz, Gundula"]
[Black "Olbrich, Marina"]
[Result "1/2-1/2"]
[WhiteElo "2205"]
[BlackElo "2330"]
[EventDate "1998.04.28"]
[PlyCount "50"]

1.d4 d5 2.Nf3 Nf6 3.c4 c6 4.Nc3 dxc4 5.a4 Bf5 6.e3 e6 7.Bxc4 Bb4 8.O-O 
Nbd7 9.Re1 O-O 10.Bd2 a5 11.h3 Bg6 12.Qb3 Rb8 13.Rad1 Qc7 14.Nh4 e5 15.
Nxg6 hxg6 16.Bd3 Kh8 17.Ne4 Bxd2 18.Nxd2 exd4 19.exd4 Nb6 20.Re5 Nbd5 21.
Rde1 Rbd8 22.Nf3 Rd7 23.Bb1 Kg8 24.Qc2 Qb6 25.h4 Qb4 1/2-1/2

[Event "zonal 1.2 (w)"]
[Site "Dresden GER"]
[Date "1998.??.??"]
[Round "4"]
[White "Lematschko, Tatjana"]
[Black "Werner, Veronika"]
[Result "1-0"]
[WhiteElo "2275"]
[BlackElo "2225"]
[EventDate "1998.04.28"]
[PlyCount "93"]

1.e4 c5 2.Nf3 d6 3.d4 cxd4 4.Nxd4 Nf6 5.f3 g6 6.Bc4 Bg7 7.c3 O-O 8.Bg5 a6 
9.a4 h6 10.Bh4 Nc6 11.Bf2 d5 12.exd5 Nxd5 13.Nxc6 bxc6 14.Ra3 e5 15.O-O 
Be6 16.Nd2 Nf4 17.Bxe6 Nxe6 18.Ne4 Rb8 19.b4 a5 20.Qxd8 Rfxd8 21.bxa5 Bf8 
22.Ra2 f5 23.Nd2 Kf7 24.Nc4 Kf6 25.Re1 Bc5 26.Nxe5 Ra8 27.Nc4 Bxf2+ 28.
Rxf2 Nf4 29.Rc2 Rd3 30.Kf1 Rb8 31.Ne5 Rd6 32.Nc4 Rd5 33.Rd2 Rbd8 34.Rxd5 
Nxd5 35.Nb6 Nc7 36.Ke2 Na6 37.Rd1 Re8+ 38.Kf2 Re6 39.Rd4 Ke7 40.Rd7+ Ke8 
41.Rd3 Kf7 42.Re3 Nc5 43.Rxe6 Kxe6 44.Ke3 Ke5 45.f4+ Kd6 46.Nc4+ Kc7 47.
Kd4 1-0

[Event "zonal 1.2 (w)"]
[Site "Dresden GER"]
[Date "1998.??.??"]
[Round "4"]
[White "Koglin, Anke"]
[Black "Koskoska, Gabriela"]
[Result "1-0"]
[WhiteElo "2205"]
[BlackElo "2200"]
[EventDate "1998.04.28"]
[PlyCount "77"]

1.e4 c5 2.Nf3 e6 3.d4 cxd4 4.Nxd4 Qb6 5.Nb3 Qc7 6.Bd3 Nf6 7.O-O a6 8.f4 b5
9.a4 b4 10.a5 Bb7 11.Qe2 d6 12.Bd2 d5 13.e5 Ne4 14.Be3 Nd7 15.N1d2 Nec5 
16.Kh1 Be7 17.Bd4 g6 18.Qe3 Rc8 19.Qh3 Ra8 20.f5 gxf5 21.Bxf5 Bc8 22.Rae1 
Nf8 23.Bd3 Nxd3 24.cxd3 Ng6 25.Rc1 Qb8 26.Qh5 Bd7 27.Rf3 Rf8 28.Re1 Rh8 
29.Nc5 Qc7 30.Ndb3 Rc8 31.Ref1 Rf8 32.h3 Bb5 33.Rxf7 Rxf7 34.Rxf7 Bxd3 35.
Rxh7 Bf5 36.g4 Bc2 37.Rh8+ Bf8 38.Rxf8+ Kxf8 39.Nxe6+ 1-0